Nations lors de l'Euro féminin 2025 - Statistiques

Statistiques générales
  • Ce quiz a été pris 97 fois
  • Le résultat moyen est 15 sur 16
Statistiques - réponses
Groupes Nations % Correct
D France
100%
B Espagne
99%
C Allemagne
98%
D Angleterre
98%
A Norvège
98%
A Suisse
98%
B Portugal
96%
B Italie
95%
D Pays-bas
95%
C Suède
95%
B Belgique
91%
A Finlande
91%
C Danemark
89%
C Pologne
89%
D Pays de Galles
79%
A Islande
78%
Aucun quiz correspondant
Distribution des résultats
% des personnes avec chaque résultat
Percentile par nombre de réponses
Votre historique - résultats
Vous n’avez pas pris ce quiz